zpět

Detail výsledku týmu

The Pub Praha 2 PO, Praha

Datum a čas kvízu

35 Celkem bodů Celkový počet nahraných bodů na tomto kvízu bez doplňovacích otázek.
4. Pořadí na kvízu Konečné umístění týmu na tomto kvízu.

Zaznamenané odpovědi

# Otázka Odpověď Body Výsledky
1. Pro záslužný čin se rozhodlo v... z Běloruska 1
2. Sestry boromejky v polské Vrat... opilý muž 1
3. V pondělí spustila Prima nový... Prima Show 1
4. Další z diskontních řetězců pů... Penny Market 0
5. Polský fotbalový klub z nižší... B 0
6. Pojďme se společně chvíli troc... Vilém 0
7. I v nevinně vypadajících hračk... Annabelle 0
8. Máloco člověku způsobilo takov... A) Doktor Spánek 1
9. Dokážete správně přiřadit tyto... 1D 2A 3C 4B 1
10. Bílá paní je nejen nadpřirozen... gin 0